000 00485nam a2200181Ia 4500
005 20250326125052.0
008 250326s9999 xx 000 0 und d
037 _aTextbook
040 _aFMSL
_beng
_cFMSL
041 _aeng
_2eng
084 _aX:9 L4
_qFMSL
100 _aKakar S
_990029
245 0 _aPersonality and authority in work
_cKakar S
260 _aNew Delhi
_bNew Delhi, Somaiya
_c1974
300 _a136p
942 _cTB
_hX:9 L4
999 _c1276398
_d1276398